000 00290 a2200145 4500
003 Nust
005 20170207153528.0
040 _cNust
082 _a297
100 _aAhmed, ishtiaq
245 _azalim Bhai
_cIshtiaq Ahmed
260 _aLahore
_bDarus slam
300 _a11 :p
650 _aIslam
942 _2ddc
_cBK
999 _c187864
_d187864